UITU Library & LRC     

Data analytics: techniques and applications (Record no. 18228)

MARC details
000 -LEADER
fixed length control field 00505nam a2200181Ia 4500
008 - FIXED-LENGTH DATA ELEMENTS--GENERAL INFORMATION
fixed length control field 240925s9999 xx 000 0 und d
020 ## - INTERNATIONAL STANDARD BOOK NUMBER
International Standard Book Number 9781639891450
082 ## - DEWEY DECIMAL CLASSIFICATION NUMBER
Classification number 006.312 BOL
100 ## - MAIN ENTRY--PERSONAL NAME
Personal name Bolton, Julio
245 #0 - TITLE STATEMENT
Title Data analytics: techniques and applications
250 ## - EDITION STATEMENT
Edition statement NA
260 ## - PUBLICATION, DISTRIBUTION, ETC.
Place of publication, distribution, etc. New York:
Name of publisher, distributor, etc. States Academic Press
Date of publication, distribution, etc. 2022
300 ## - PHYSICAL DESCRIPTION
Extent 230p.
Other physical details NA
Type of unit NA
500 ## - GENERAL NOTE
General note Includes Index
600 ## - SUBJECT ADDED ENTRY--PERSONAL NAME
Personal name Computer Science
650 ## - SUBJECT ADDED ENTRY--TOPICAL TERM
Topical term or geographic name entry element Computer science, information & general works
942 ## - ADDED ENTRY ELEMENTS (KOHA)
Koha item type Books
Holdings
Withdrawn status Lost status Damaged status Not for loan Collection Home library Current library Date acquired Source of acquisition Cost, normal purchase price Total checkouts Full call number Barcode Date due Date last seen Date last checked out Price effective from Koha item type
        Computer Science UITU Library UITU Library 05/23/2023 Progressive International Aggencies 27418.93 1 006.312 BOL Q15729 05/08/2026 10/30/2025 10/30/2025   Books

Powered by Koha